| 000 | 00636nam a2200217Ia 4500 | ||
|---|---|---|---|
| 001 | 7804 | ||
| 003 | GE_BSU | ||
| 008 | 181216s||||||||xx |||||||||||||| ||und|| | ||
| 040 | _cGE_BSU | ||
| 080 | _a744 | ||
| 100 | _aКаменев,В.И. | ||
| 245 | _aКурс машиностроительного черчения. | ||
| 245 | _bУчеб. пособие. | ||
| 245 | _cПод ред. Н.Н.Иванова. | ||
| 260 | _aМ. | ||
| 260 | _bМашиностроение. | ||
| 260 | _c1964. | ||
| 300 | _a184стр.с илл. 30см. | ||
| 653 | _aКурс машиностроительного черчения. | ||
| 942 | _cBK | ||
| 999 |
_c41154 _d41154 |
||